La soberana̕ del derecho sobre la fuerza Abogaca̕, Justicia y Literatura /

Detalles Bibliográficos
Autor principal: San Miguel Přez, Enrique
Formato: eBook
Lenguaje:español
Publicado: Madrid: Dykinson, 2021
Materias:
Acceso en línea:Acceso restringido

MARC

LEADER 00000nam a22000007a 4500
005 20210908123346.0
007 cr|||| ||||
008 210908s2021 es |||||s|||| 00||0 spa d
020 |a 978-84-1377-546-3 
035 |a 35113 
040 |a vLex 
090 |c 12329  |d 12329 
100 1 |a San Miguel Přez, Enrique 
245 1 2 |a La soberana̕ del derecho sobre la fuerza  |h [Recurso electrn̤ico] :  |b Abogaca̕, Justicia y Literatura /  |c Enrique San Miguel Přez 
256 |a Servicio en ln̕ea 
260 |a Madrid:  |b Dykinson,  |c 2021 
300 |a 1 recurso electrn̤ico 
506 1 |a Disponible solo en los productos indicados  |d vLex Global  |d vLex Global (Academic Edition, excluding Law Schools)  |d vLex Global (U.S. Academic Edition, Law Schools)  |d vLex Global (U.S. Academic Edition, excluding Law Schools)  |d vLex Global (Academic Edition, Law Schools) 
650 0 4 |a Ciencias sociales  |z Espaą 
740 0 |a vLex Libros (Servicio en ln̕ea) 
856 4 0 |u https://app.vlex.com/#/sources/35113  |z Acceso restringido 
942 |c BOOK 
999 0 |a Social Sciences